000 01215cab a22002295a 4500
001 L157175
008 120913e20120908xxk 000 0 eng d
035 _a(Sirsi) u157175
041 0 _aeng
100 1 _aEdwards, Martin
245 0 0 _aIs this the way to save?
260 _c2012
490 _aEstates Gazette
_v(1236) 8 September 2012, 98(1)
520 _aConsiders three cases that highlight the limitations of the written representations and hearing procedures. These are; "R (on the application of Ashley) v Secretary of State for Communities and Local Government and others" [2012], "R (on the application of Tait) v Secretary of State for Communities and Local Government" [2012] and "Proudfoot Properties v Secretary of State for Communities and Local Government and Another" [2012].
590 _aKA
650 2 4 _aR (on the application of Ashley) v Secretary of State for Communities and Local Government and others
650 2 4 _aR (on the application of Tait) v Secretary of State for Communities and Local Government
650 2 4 _aProudfoot Properties v Secretary of State for Communities and Local Government and another
651 4 _aUnited Kingdom
700 1 _aMartin, John
942 _n0
999 _c84281
_d84281